Asom panchyat ayen,1994 (Record no. 1008)

MARC details
000 -LEADER
fixed length control field 00489cam a2200193ua 4500
001 - CONTROL NUMBER
control field 1092
005 - DATE AND TIME OF LATEST TRANSACTION
control field 20260515113257.0
008 - FIXED-LENGTH DATA ELEMENTS--GENERAL INFORMATION
fixed length control field 110428n ii |||gr||||Z||||||eng
040 ## - CATALOGING SOURCE
Transcribing agency MAIN
082 ## - DEWEY DECIMAL CLASSIFICATION NUMBER
Classification number 320.8
245 1# - TITLE STATEMENT
Title Asom panchyat ayen,1994
Statement of responsibility, etc. translated by Jeuti Baruah
250 ## - EDITION STATEMENT
Edition statement 2nd.
260 ## - PUBLICATION, DISTRIBUTION, ETC.
Place of publication, distribution, etc. G:
Name of publisher, distributor, etc. Asom law house,
Date of publication, distribution, etc. 2008.
300 ## - PHYSICAL DESCRIPTION
Extent 128p.:
Dimensions 4cm.
653 ## - INDEX TERM--UNCONTROLLED
Uncontrolled term Political science
653 ## - INDEX TERM--UNCONTROLLED
Uncontrolled term Asom panchayat ayen,1994
700 ## - ADDED ENTRY--PERSONAL NAME
Personal name Baruah, Jeuti.,
Relator term Author.
942 ## - ADDED ENTRY ELEMENTS (KOHA)
Koha item type Books
Holdings
Withdrawn status Lost status Damaged status Not for loan Home library Current library Shelving location Date acquired Total checkouts Full call number Barcode Date last seen Copy number Price effective from Koha item type
        Naharkatiya College Library Naharkatiya College Library General stacks 09/19/2020   320.8 | BAR 17408 09/19/2020 1 09/19/2020 Books